The Effect of HVA-2 addition on the properties of PP-EPDM-NR ternary blends (Record no. 70616)

MARC details
000 -LEADER
fixed length control field 00524nam a2200181Ia 4500
100 ## - MAIN ENTRY--AUTHOR NAME
Personal name Ismail Halimatuddahliana H
245 #4 - TITLE STATEMENT
Title The Effect of HVA-2 addition on the properties of PP-EPDM-NR ternary blends
260 ## - PUBLICATION, DISTRIBUTION, ETC. (IMPRINT)
Name of publisher Journal of Elastomers and Plastics
Year of publication 2005
300 ## - PHYSICAL DESCRIPTION
Number of Pages 55-72
650 ## - SUBJECT ADDED ENTRY--TOPICAL TERM
Topical Term Blend
650 ## - SUBJECT ADDED ENTRY--TOPICAL TERM
Topical Term Ethylene-propylene diene terpolymer
650 ## - SUBJECT ADDED ENTRY--TOPICAL TERM
Topical Term HVA-2
650 ## - SUBJECT ADDED ENTRY--TOPICAL TERM
Topical Term Natural rubber
650 ## - SUBJECT ADDED ENTRY--TOPICAL TERM
Topical Term Polypropylene
700 ## - ADDED ENTRY--PERSONAL NAME
Personal name Md Akil H
942 ## - ADDED ENTRY ELEMENTS (KOHA)
Koha item type Journals
Holdings
Withdrawn status Lost status Damaged status Not for loan Home library Current library Shelving location Date acquired Serial Enumeration / chronology Koha item type
      Journals RRII Library RRII Library Rubber chemistry 17/12/2021 Volume 37, Issue 1 Journals